Giáo trình lí luận văn học : Tác phẩm văn học /

Đã lưu trong:
Bibliografiske detaljer
Hovedforfatter: Lê Tiến Dũng
Format: Sách giấy
Sprog:Vietnamese
Udgivet: H. : Giáo dục, 1998
Tags: Tilføj Tag
Ingen Tags, Vær først til at tagge denne postø!
Thư viện lưu trữ: Thư viện Trường Đại học Đà Lạt
LEADER 00678nam a2200277 4500
001 DLU020020360
003 ##DLU
005 ##20021220
008 ##021220t vn z000 vie d
040 # # |a DLU  |b vie 
041 # # |a vie 
044 # # |a vn 
082 # # |a 801.071 1  |b LE-D 
100 # # |a Lê Tiến Dũng 
245 # # |a Giáo trình lí luận văn học :  |b Tác phẩm văn học /  |c Lê Tiến Dũng 
260 # # |a H. :  |b Giáo dục,  |c 1998 
300 # # |a 119 tr. ;  |c 28 cm. 
992 # # |a 23500 
994 # # |a DLU 
900 # # |a True 
911 # # |a Phan Ngọc Đông 
925 # # |a G 
926 # # |a A 
927 # # |a SH 
980 # # |a Thư viện Trường Đại học Đà Lạt